Tokyo 23 wards Quiz Stats

 Plays Quiz not verified by Sporcle

Also try: Landmarks of Asia
Challenge
Share
Tweet
Embed
Score 0/23 Timer 05:00
0 Plays Today
% Correct
Shinjuku
94.9%
Shibuya
92.2%
Minato
78.2%
Chuo
77%
Chiyoda
75.9%
Shinagawa
71.2%
Setagaya
68.5%
Bunkyo
66.9%
Kita
66.5%
Meguro
66.5%
Edogawa
65.4%
Ota
63.8%
% Correct
Arakawa
62.6%
Adachi
61.9%
Taito
61.1%
Nerima
60.3%
Koto
59.1%
Nakano
58.8%
Sumida
58.8%
Toshima
54.9%
Katsushika
51%
Itabashi
50.6%
Suginami
48.2%

You're not logged in!

Compare scores with friends on all Sporcle quizzes.
Join for Free
OR
Log In

You Might Also Like...

Show Comments

Extras

Created Nov 3, 2009ReportNominate
Tags:tokyo, Tokyo 23, ward

Top Quizzes Today


Score Distribution

Your Account Isn't Verified!

In order to create a playlist on Sporcle, you need to verify the email address you used during registration. Go to your Sporcle Settings to finish the process.

Report this User

Report this user for behavior that violates our Community Guidelines.

Details: